[Event "IOM Open-Masters 2017"]
[Site "Douglas"]
[Date "2017.09.27"]
[Round "5"]
[White "Adams, Michael"]
[Black "Shirov, Alexei"]
[Result "1-0"]
[WhiteElo "2738"]
[BlackElo "2630"]
[Annotator "TA"]
[PlyCount "85"]
[EventDate "2017.??.??"]
[EventType "swiss"]
[EventCountry "GBR"]
[SourceTitle "playchess.com"]
[Source "ChessBase"]
[SourceQuality "1"]

{[%evp 21,85,27,41,45,41,32,61,54,52,58,42,55,64,55,51,25,20,-27,-10,-22,5,0,80,75,81,89,74,79,100,97,89,96,108,80,53,49,107,106,100,38,53,53,53,55,56,55,65,55,78,78,296,296,296,296,296,296,289,256,248,0,281,281,281,270,241,234]} 1. e4 e5 2. Nf3 Nc6 3. Bb5 a6 4. Ba4 Nf6 5. d3 b5 6. Bb3 Be7 7. a4 Rb8 8. axb5 axb5 9. O-O O-O 10. Re1 d6 11. c3 {C88: Closed Ruy Lopez: Anti-Marshall Systems} Be6 {LiveBook: 4 Games} 12. Bxe6 fxe6 13. Bg5 $146 {White is slightly better.} ({Predecessor:} 13. d4 Qd7 14. Nbd2 Ra8 15. Rxa8 Rxa8 16. Qb3 exd4 17. cxd4 Na5 18. Qc2 Rc8 {½-½ (44) Jakovenko,D (2711)-Kortschnoj,V (2598) Dagomys 2008}) 13... Nd7 14. Be3 d5 15. Nbd2 Nc5 16. Nb3 Na4 17. Qe2 Bd6 18. d4 {Hoping for Bg5.} dxe4 19. Nxe5 Bxe5 20. dxe5 Nxe5 21. Ba7 $36 {[%mdl 2048] White fights for an advantage.} Qg5 {[#]} (21... Ra8 $1 $11 {remains equal.} 22. Qxb5 Rxa7 23. Qxe5 Qd5) 22. Nd4 $1 $16 Nf3+ 23. Nxf3 exf3 {[%csl Gf3][%cal Rg5g2]} 24. Qxe6+ Kh8 {[%csl Gf3][%cal Rg5g2]} 25. g3 Ra8 26. Bd4 c5 27. Be3 Qh5 28. h4 Nxb2 {[#]} (28... Rac8 $14) 29. Rxa8 $1 Rxa8 30. Qc6 (30. Bc1 $16 Nc4 31. Qc6) 30... Rg8 $1 $14 31. Qxb5 Qf5 $1 {...Nd3 is the strong threat.} 32. Kh2 (32. Qxb2 $2 {leads to mate.} Qh3 33. Bxc5 Qg2#) 32... Nd3 33. Rd1 Ne5 {Threatens to win with ...Ng4+.} 34. Qxc5 h5 35. Bd4 Re8 $2 (35... Ng4+ $16 {was called for.} 36. Kg1 Qxc5 37. Bxc5 Re8) 36. Bxe5 $1 $18 Rxe5 {[%mdl 4096] Endgame KQR-KQR} 37. Rd8+ Kh7 38. Qf8 Kg6 39. Rd6+ Kh7 40. Rd8 Kg6 $1 41. Qg8 {And now Rd6+ would win.} Qe6 42. Qxe6+ Rxe6 43. Rf8 {Precision: White = 72%, Black = 53%.} 1-0

[Event "IOM Open-Masters 2017"]
[Site "Douglas"]
[Date "2017.09.27"]
[Round "5"]
[White "Eljanov, Pavel"]
[Black "Kasimdzhanov, Rustam"]
[Result "1-0"]
[WhiteElo "2734"]
[BlackElo "2676"]
[Annotator "TA"]
[PlyCount "66"]
[EventDate "2017.??.??"]
[EventType "swiss"]
[EventCountry "GBR"]
[SourceTitle "playchess.com"]
[Source "ChessBase"]
[SourceQuality "1"]

{[%evp 22,66,85,66,91,64,72,65,60,58,103,87,127,110,116,115,155,155,189,169,182,44,69,80,186,200,179,135,250,237,233,252,255,255,330,341,331,321,331,347,651,261,262,156,162,136,1938]} 1. e4 Nf6 2. e5 Nd5 3. d4 d6 4. Nf3 dxe5 5. Nxe5 c6 6. Be2 Nd7 7. c4 Nc7 8. Nf3 g6 9. Nc3 Bg7 10. O-O O-O {B04: Alekhine's Defence: 4 Nf3} 11. Bf4 Nf6 (11... Ne6 12. Be3 Nf6 13. h3 Qc7 14. Qd2 Rd8 15. Rad1 b6 16. Rfe1 Bb7 17. Qc1 Nh5 18. Bf1 {1-0 (36) Anand,V (2784)-Nakamura,H (2787) Zuerich 2016}) 12. h3 {LiveBook: 6 Games} Bf5 {White is slightly better.} 13. Be5 $146 ({Predecessor:} 13. Qb3 Qc8 14. Rfe1 Re8 15. Bf1 h6 16. d5 g5 17. Be5 Na6 18. Nd4 {1-0 (34) Alekseev,E (2631)-Safranska,A (2222) Jurmala 2016}) 13... Ne4 14. Bxg7 Kxg7 15. Re1 Nf6 16. Qd2 Qd6 17. Rad1 Rad8 18. Qe3 Rfe8 19. Ne5 Qb4 20. a3 Qxb2 21. Na4 (21. g4 $1 $18 {[%cal Rg4f5]} Bc8 22. Na4) 21... Qc2 $14 22. Nc5 {Threatens to win with g4.} Qb2 (22... b6 $16 23. Ncd3 (23. Rd2 Ncd5 $14) 23... Rd6) 23. Rd2 $18 Qb6 24. Qc3 $36 {[%mdl 2048] Hoping for Rb2. White is on the roll.} Ne4 (24... Ne6 $16 {might work better.}) 25. Nxe4 Bxe4 {[#]} 26. d5 $1 {[%mdl 512] And now Nd7+ would win.} f6 {[%cal Rc6d5]} (26... cxd5 27. Nd7+) 27. c5 $1 {[%cal Rc5b6]} Nb5 {[#]} 28. Bxb5 $1 (28. cxb6 $2 {is the wrong capture.} Nxc3 29. Nc4 axb6 $19) 28... Qxb5 29. a4 Qa6 {[#]} 30. d6 $1 ({Weaker is} 30. Rxe4 cxd5 31. Rf4 fxe5 $16) 30... Bf5 $2 (30... Bd5) 31. g4 (31. d7 $142 Rf8 32. g4) 31... exd6 32. Rxd6 (32. cxd6 $18 Bd7 33. Rde2) 32... Rxd6 $16 33. cxd6 Rxe5 $4 {[%mdl 8192] Precision: White = 56%, Black = 27%.} (33... c5 $16) 1-0

[Event "IOM Open-Masters 2017"]
[Site "Douglas"]
[Date "2017.09.27"]
[Round "5"]
[White "Almasi, Zoltan"]
[Black "Gaponenko, Inna"]
[Result "1-0"]
[WhiteElo "2707"]
[BlackElo "2437"]
[Annotator "TA"]
[PlyCount "52"]
[EventDate "2017.??.??"]
[EventType "swiss"]
[EventCountry "GBR"]
[SourceTitle "playchess.com"]
[Source "ChessBase"]
[SourceQuality "1"]

{[%evp 9,52,4,13,16,3,15,46,19,56,49,40,53,46,32,46,25,147,166,178,135,206,79,33,72,37,0,0,0,0,0,20,37,16,26,246,244,239,242,215,-30,139,154,232,99,380]} 1. Nf3 c5 2. b3 d5 3. Bb2 Nc6 4. e3 a6 5. g3 (5. d4 cxd4 6. Nxd4 Nf6 7. Nxc6 bxc6 8. Nd2 e6 9. Bd3 Be7 10. O-O O-O 11. c4 a5 12. Qc2 h6 13. Nf3 Ba6 {1-0 (91) Nakamura,H (2792)-Caruana,F (2807) Saint Louis 2017}) 5... Qc7 6. c4 $146 {A06: Réti Opening:1 Nf3 d5} ({Predecessor:} 6. Bg2 e5 7. d4 cxd4 8. exd4 exd4 9. O-O Nf6 10. Re1+ Be7 11. Qe2 O-O 12. Nxd4 Bc5 13. Nxc6 bxc6 14. Bxf6 gxf6 {1-0 (61) Da Costa,A (1827)-Barbalho,G (1639) Brasilia 2012}) 6... dxc4 7. bxc4 Bf5 8. Nc3 {White is slightly better.} e6 9. Nh4 $1 Nh6 10. Nxf5 Nxf5 11. Bh3 Nd6 12. Qa4 O-O-O (12... Rb8 $11) 13. O-O $16 Kb8 14. Bg2 Ne5 (14... Nc8 $16) 15. Nd5 (15. Rab1 $18 {and White stays clearly on top.}) 15... Qd7 16. Qc2 $1 Nexc4 17. Nc3 (17. Nf4 {looks sharper.} e5 18. Nd3 Qf5 19. f4 e4 20. Ne5) 17... Nxb2 18. Qxb2 Nc4 $36 {[%mdl 2048] Black is more active.} 19. Qc2 Ka7 ({Not} 19... Qxd2 $2 20. Qb3 $18) (19... Nxd2 $2 20. Rfd1 $18) (19... Na3 $5 {[%cal Ra3c2]} 20. Qc1 c4 $11) 20. Rfd1 Be7 21. d3 {[%cal Bd2d3,Bd3c4][%mdl 32]} Na3 $2 {[#]} (21... Na5 $11) 22. Qb3 $1 $18 c4 23. dxc4 Qc7 24. Ne4 $2 (24. Qa4 $18) 24... Rxd1+ $2 ({Much worse is} 24... Nxc4 $6 25. Rdc1 $16) ({Black should try} 24... Qxc4 $11 25. Rxd8 Qxb3 26. Rxh8 Qc2) 25. Rxd1 $16 {Threatens to win with c5!} Rd8 (25... f5 $16 {keeps fighting.}) 26. Rc1 (26. Rxd8 $18 {is the precise move to win.} Qxd8 27. c5) 26... b6 $2 {[%mdl 8192] Precision: White = 50%, Black = 22%.} (26... f5 $16 {might work better.}) 1-0

[Event "IOM Open-Masters 2017"]
[Site "Douglas"]
[Date "2017.09.27"]
[Round "5"]
[White "Vidit, Santosh Gujrathi"]
[Black "Lenderman, Aleksandr"]
[Result "1/2-1/2"]
[WhiteElo "2702"]
[BlackElo "2565"]
[Annotator "TA"]
[PlyCount "85"]
[EventDate "2017.??.??"]
[EventType "swiss"]
[EventCountry "GBR"]
[SourceTitle "playchess.com"]
[Source "ChessBase"]
[SourceQuality "1"]

{[%evp 15,85,18,35,24,32,12,39,31,25,27,44,26,27,18,22,10,15,-6,12,7,24,27,19,7,21,16,13,7,31,16,14,16,38,40,49,29,33,0,21,0,39,15,27,0,8,4,0,4,15,15,26,28,16,0,12,0,0,0,0,0,0,0,0,0,0,0,0,0,0,0,0,-11]} 1. Nf3 d5 2. g3 g6 3. Bg2 Bg7 4. d4 Nf6 5. O-O O-O 6. c4 c6 7. b3 Bf5 8. Bb2 Nbd7 9. e3 {D78: Fianchetto Grünfeld: 6 0-0 c6} Qa5 (9... dxc4 10. bxc4 e5 11. Nc3 Re8 12. h3 exd4 13. Nxd4 Ne5 14. Nxf5 Qxd1 15. Nxd1 gxf5 16. Bxe5 Rxe5 {1-0 (34) Vachier Lagrave,M (2789)-Kramnik,V (2812) Paris 2016}) 10. Nc3 Ne4 11. Nh4 $146 {White is slightly better.} ({Predecessor:} 11. Qc1 Rac8 12. Nh4 e6 13. Nxe4 dxe4 14. Nxf5 exf5 15. Rd1 Rfd8 16. Bc3 Qc7 {1-0 (56) Ju,W (2515)-Lei,T (2061) Hefei 2011}) 11... Nxc3 12. Qd2 Be6 13. Bxc3 Qd8 14. cxd5 cxd5 15. Rfc1 Nf6 16. Bb4 Qd7 17. Nf3 Rfc8 18. Ne5 Qd8 19. f3 Bf8 20. Bf1 Rxc1 21. Rxc1 Rc8 22. a4 Rxc1 23. Qxc1 Qc8 24. Qc5 a6 25. a5 Qd8 26. Qa7 Qc8 27. Qc5 Qd8 28. Nd3 Bd7 29. g4 Bb5 30. Ne5 Bxf1 31. Kxf1 h6 32. Ke2 Nh7 33. Qb6 Qc8 34. Qc5 {The position is equal.} Qd8 $1 35. Qc2 (35. Qa7 {is more complex.} Qc8 36. Kd1 Ng5 37. Qc5 Qd8 38. h4) 35... e6 36. Bxf8 Nxf8 37. Qc5 g5 38. Kd1 Kg7 39. Qb4 Qc7 40. Qc5 Qd8 $1 41. Qb6 Qc8 42. h3 Ng6 43. Nxg6 {Precision: White = 48%, Black = 57%.} 1/2-1/2

[Event "IOM Open-Masters 2017"]
[Site "Douglas"]
[Date "2017.09.27"]
[Round "5"]
[White "Short, Nigel D"]
[Black "L'Ami, Erwin"]
[Result "1/2-1/2"]
[WhiteElo "2698"]
[BlackElo "2611"]
[Annotator "TA"]
[PlyCount "124"]
[EventDate "2017.??.??"]
[EventType "swiss"]
[EventCountry "GBR"]
[SourceTitle "playchess.com"]
[Source "ChessBase"]
[SourceQuality "1"]

{[%evp 23,124,37,43,25,17,16,21,20,20,24,24,17,17,12,22,20,40,32,34,27,44,35,52,21,25,17,20,15,27,0,29,31,22,23,49,37,29,21,49,49,54,54,100,49,61,61,61,61,91,91,91,61,61,61,61,61,61,61,61,61,61,47,91,91,91,89,89,89,89,19,19,0,0,0,89,89,89,89,103,0,0,0,0,0,0,0,0,0,0,0,0,0,0,0,0,0,0,0,0,0,0,0,0]} 1. d4 Nf6 2. c4 e6 3. Nf3 Bb4+ 4. Bd2 Bxd2+ 5. Qxd2 O-O 6. g3 d5 7. Bg2 c6 8. O-O Nbd7 9. Rc1 b6 {E11: Bogo-Indian} 10. cxd5 cxd5 11. Nc3 Bb7 12. Ne5 a6 {LiveBook: 5 Games} 13. f4 $146 ({Predecessor:} 13. Na4 Qb8 {½-½ (44) Tomashevsky,E (2749)-Jakovenko,D (2738) Khanty-Mansiysk 2015}) 13... Qe7 14. Rc2 Rfc8 15. Rac1 Qd8 16. e3 Rc7 17. Bf1 Rac8 18. Bd3 Nxe5 (18... Ne4 {with more complications.} 19. Nxe4 Rxc2 20. Rxc2 dxe4 21. Bc4 Rc7) 19. fxe5 Nd7 20. Ne2 Rxc2 21. Rxc2 Rxc2 22. Qxc2 h6 23. Nf4 Qc8 24. Qxc8+ (24. Qe2 {seems wilder.} Qc1+ 25. Kg2 a5 26. Nh5 Kf8 27. Qf2) 24... Bxc8 $11 {[%mdl 4096] Endgame KBN-KBN} 25. h4 Kf8 26. g4 Ke7 27. g5 hxg5 28. hxg5 g6 29. e4 dxe4 30. Bxe4 a5 31. Kf2 Ba6 32. Ke3 Nf8 33. Nh3 (33. d5 $16) 33... Bf1 34. Nf2 Bc4 35. a3 Bd5 36. Bd3 Nd7 37. b4 axb4 38. axb4 Nb8 39. b5 Nd7 40. Nd1 Kd8 41. Nc3 Ke7 42. Be4 (42. Ne2 {is interesting.} Bg2 43. Ng3 Bd5 44. Kf4 Bb3 45. Ne4) 42... Bxe4 43. Nxe4 $14 {KN-KN} Kd8 44. Nd6 Ke7 45. Ke4 Kf8 {[#]} 46. Nc8 (46. d5 $1 $16) 46... Ke8 $11 47. d5 Kd8 48. Nd6 Ke7 {[#]} (48... Nc5+ $1 $11 {remains equal.} 49. Kd4 exd5) 49. Kd4 $1 $16 Kf8 50. Nc8 Ke8 51. dxe6 (51. d6 $16) 51... fxe6 $11 {The position is equal.} 52. Nxb6 Nxb6 $16 {KN-K3P} 53. Kc5 Nd7+ (53... Nd5 $5 54. Kd6 $8 Nb6 $11) 54. Kd6 Kd8 55. Kxe6 Kc7 56. b6+ Nxb6 $11 {Hoping for ...Nd7. KN-KPP} 57. Kf7 Nd5 58. Kxg6 Kd7 59. Kf7 Nf4 60. g6 Nxg6 61. Kxg6 Ke6 62. Kh7 Kxe5 {Precision: White = 59%, Black = 69%.} 1/2-1/2

[Event "IOM Open-Masters 2017"]
[Site "Douglas"]
[Date "2017.09.27"]
[Round "5"]
[White "Sutovsky, Emil"]
[Black "Huschenbeth, Niclas"]
[Result "1-0"]
[WhiteElo "2683"]
[BlackElo "2596"]
[Annotator "TA"]
[PlyCount "47"]
[EventDate "2017.??.??"]
[EventType "swiss"]
[EventCountry "GBR"]
[SourceTitle "playchess.com"]
[Source "ChessBase"]
[SourceQuality "1"]

{[%evp 28,47,17,14,7,3,37,47,119,103,204,183,188,162,276,244,318,310,29986,29987,29987,29988]} 1. e4 c5 2. Nf3 d6 3. d4 cxd4 4. Nxd4 Nf6 5. Nc3 a6 6. Bg5 e6 7. f4 Be7 8. Qf3 Qc7 9. O-O-O Nbd7 10. g4 {[%cal Bg2g4,Bg4g5][%mdl 32]} b5 {[%cal Bb7b5,Bb5b4][%mdl 32]} 11. Bxf6 Nxf6 12. g5 Nd7 13. f5 O-O {B99: Sicilian Najdorf: 6 Bg5 e6 7 f4 Be7 8 Qf3 Qc7 9 0-0-0 Nbd7} (13... Bxg5+ 14. Kb1 Ne5 15. Qh5 Qd8 16. Rg1 Bf6 17. fxe6 O-O 18. Bh3 g6 19. Nd5 Kh8 20. Qe2 fxe6 21. Bxe6 Nf3 22. Nxf3 Bxe6 23. a3 Rc8 24. Nd4 Bxd4 25. Rxd4 Qh4 {½-½ (25) Karjakin,S (2757)-Ivanchuk,V (2731) Tsaghkadzor 2015}) 14. h4 b4 15. Nce2 {[%cal Bc3e2,Be2d4,Bd4f5,Bf5d6,Bd6c8][%mdl 32] LiveBook: 6 Games} Bb7 {[#] The position is equal.} 16. Kb1 $146 ({Predecessor:} 16. Bg2 e5 17. f6 exd4 18. fxe7 Rfe8 19. Nxd4 g6 20. h5 Ne5 21. Qg3 Rxe7 22. Rhf1 {½-½ (22) Baron,T (2547)-Kaspi,A (2435) Escaldes 2017}) 16... Rac8 {Strongly threatening ...e5.} 17. Bh3 e5 {[#]} (17... exf5 $14 18. Bxf5 (18. Qxf5 Ne5 $11) 18... g6 19. Bxd7 Qxd7) 18. f6 $1 $16 {[%cal Rf6e7][%mdl 512]} exd4 (18... Nxf6 $16 {is a better defense.} 19. gxf6 Bxf6) (18... gxf6 19. Bxd7) 19. fxe7 $18 Rfe8 20. Nxd4 Rxe7 {[#]} (20... b3 {was worth a try.} 21. axb3 Rxe7) 21. Nf5 $1 {[%cal Rf5e7]} Rxe4 22. Nxd6 Rd4 $2 (22... Qxc2+ $18 23. Ka1 Re2 24. Qxf7+ Kh8) 23. Qxf7+ Kh8 24. Nxc8 1-0

[Event "IOM Open-Masters 2017"]
[Site "Douglas"]
[Date "2017.09.27"]
[Round "5"]
[White "Movsesian, Sergei"]
[Black "Deac, Bogdan-Daniel"]
[Result "1/2-1/2"]
[WhiteElo "2671"]
[BlackElo "2559"]
[Annotator "TA"]
[PlyCount "63"]
[EventDate "2017.??.??"]
[EventType "swiss"]
[EventCountry "GBR"]
[SourceTitle "playchess.com"]
[Source "ChessBase"]
[SourceQuality "1"]

{[%evp 22,63,0,-6,0,-8,0,0,0,0,0,-6,0,-13,0,0,3,0,0,0,0,0,0,0,0,0,0,0,0,0,0,0,0,0,0,0,0,0,0,0,0,0,0,0]} 1. e4 e5 2. Nf3 Nc6 3. Bb5 {[%cal Bf1b5,Bb5a4,Ba4b3,Bb3a2][%mdl 32]} a6 4. Ba4 Nf6 5. O-O Be7 6. d3 b5 7. Bb3 d6 8. a4 Bd7 9. c3 {C84: Closed Ruy Lopez: Unusual White 6th moves} O-O 10. Nbd2 Na5 11. Ba2 c5 12. Re1 {LiveBook: 3 Games. The position is equal.} Qc7 13. Nf1 {[#]} Rfb8 $146 ({Predecessor:} 13... bxa4 14. Bg5 Rab8 15. Re2 Nb3 16. Bxb3 Rxb3 {½-½ (42) Movsesian,S (2699)-Smirin,I (2638) Eilat 2012}) 14. axb5 axb5 15. b4 Nc6 {With the idea ...Be6.} 16. Bd2 cxb4 17. cxb4 Qb7 18. Ne3 Nd8 19. h3 Be6 20. Bxe6 Nxe6 21. Qb3 Rxa1 22. Rxa1 Ra8 23. Rc1 Rc8 24. Rxc8+ Qxc8 25. Nd5 Nxd5 26. Qxd5 Qa6 27. Kh2 Nc7 28. Qb3 Ne6 29. Be3 Bf6 30. h4 h6 31. g3 Qc6 32. Bd2 {Precision: White = 85%, Black = 63%.} 1/2-1/2

[Event "IOM Open-Masters 2017"]
[Site "Douglas"]
[Date "2017.09.27"]
[Round "5"]
[White "Adhiban, B."]
[Black "Harsha Bharathakoti"]
[Result "0-1"]
[WhiteElo "2670"]
[BlackElo "2394"]
[Annotator "TA"]
[PlyCount "80"]
[EventDate "2017.??.??"]
[EventType "swiss"]
[EventCountry "GBR"]
[SourceTitle "playchess.com"]
[Source "ChessBase"]
[SourceQuality "1"]

{[%evp 21,80,38,60,41,47,45,29,41,46,42,77,75,80,78,89,45,95,85,99,89,93,94,109,92,97,101,94,83,105,93,100,91,83,38,42,0,0,0,0,0,0,0,0,-12,-12,-12,-14,-18,-18,-1003,-941,-756,-531,-29984,-29985,-29989,-29990,-29993,-29994,-29994,-29995]} 1. e4 c5 2. Nf3 d6 3. d4 cxd4 4. Nxd4 Nf6 5. Nc3 a6 6. Be2 e5 7. Nf3 Be7 8. Bg5 Nbd7 9. a4 O-O 10. O-O b6 {B92: Sicilian Najdorf: 6 Be2} 11. Bc4 Bb7 {LiveBook: 3 Games} 12. Bxf6 (12. Re1 Qc7 13. Bb3 Rfc8 14. Re2 h6 15. Bxf6 Nxf6 16. Bd5 Qd7 17. Rd2 Bf8 18. Ra3 Rc5 19. Rb3 Nxd5 20. Nxd5 Bxd5 21. Rxd5 Qxa4 22. Rxb6 Qxe4 23. Rxc5 dxc5 {0-1 (50) Schnabel,R (2223)-Salgado Lopez,I (2628) Jerusalem 2015}) 12... Nxf6 {White is slightly better.} 13. Qe2 Qc7 14. Rfd1 Rfc8 15. Bb3 $146 ({Predecessor:} 15. Ba2 h6 16. Nh4 Qc5 17. Nf5 Bf8 18. Qf3 {1-0 (18) Gross,D (2465)-Richert,T (2206) Germany 2005}) 15... h6 16. Nh4 Bf8 17. Nf5 Qd7 18. Qf3 {[#] Hoping for Nxh6+!} Kh7 19. Ne3 Rxc3 20. bxc3 Bxe4 21. Qe2 Qb7 22. Nd5 Bxd5 23. Bxd5 Nxd5 24. Qe4+ g6 25. Rxd5 f5 26. Qd3 e4 27. Qd1 Rc8 28. h4 h5 $1 29. Ra3 Rc4 30. Rd4 Rc6 31. Rb3 Qc7 32. Qe2 Bg7 33. Qxa6 Bxd4 34. cxd4 $11 {[%mdl 4096] Endgame KQR-KQR} d5 35. g3 $2 {[%mdl 8192] [#]} (35. Rb2 $11) 35... f4 $19 36. gxf4 Rxc2 37. Rb1 Qxf4 {Black mates.} 38. Qf1 e3 {[%cal Be4e3,Be3f2][%mdl 32]} 39. Qg2 exf2+ 40. Kf1 Qe3 {Precision: White = 56%, Black = 75%.} 0-1

[Event "IOM Open-Masters 2017"]
[Site "Douglas"]
[Date "2017.09.27"]
[Round "5"]
[White "Jones, Gawain C B"]
[Black "Swapnil, S  Dhopade"]
[Result "1/2-1/2"]
[WhiteElo "2668"]
[BlackElo "2532"]
[Annotator "TA"]
[PlyCount "52"]
[EventDate "2017.??.??"]
[EventType "swiss"]
[EventCountry "GBR"]
[SourceTitle "playchess.com"]
[Source "ChessBase"]
[SourceQuality "1"]

{[%evp 34,52,0,-25,31,17,9,0,29,0,0,0,0,0,0,0,0,0,0,0,0]} 1. e4 c6 2. d4 d5 3. Nc3 dxe4 4. Nxe4 Bf5 5. Ng3 Bg6 6. h4 h6 7. Nf3 Nd7 8. h5 Bh7 9. Bd3 Bxd3 10. Qxd3 e6 11. Bd2 Ngf6 12. O-O-O Be7 13. Kb1 O-O 14. Ne4 Nxe4 {B19: Caro-Kann (Hauptvariante)} 15. Qxe4 Nf6 16. Qe2 Qd5 17. Be3 Qb5 18. Rd3 {[#] LiveBook: 3 Partien} Ng4 $146 ({Günstiger ist} 18... Bd6 $11) ({Vorgänger:} 18... Bd6 19. Bd2 Rad8 20. Rh4 c5 21. a4 Qa6 22. dxc5 Bxc5 {0-1 (61) Mista,A (2599)-Piorun,K (2637) Warsaw 2017}) 19. Bf4 $14 Rad8 20. Nd2 Qf5 21. Rf3 Rxd4 {Die Stellung ist ausgeglichen.} 22. Be3 Qe5 {[#] Und weiter mit ...Tfd8 wäre nett.} 23. Nc4 Qe4 24. Nd2 Qe5 {Droht stark ...Tfd8.} 25. Nc4 Qe4 26. Nd2 Qe5 1/2-1/2

[Event "IOM Open-Masters 2017"]
[Site "Douglas"]
[Date "2017.09.27"]
[Round "5"]
[White "Sargissian, Gabriel"]
[Black "Nakamura, Hikaru"]
[Result "0-1"]
[WhiteElo "2652"]
[BlackElo "2781"]
[Annotator "TA"]
[PlyCount "100"]
[EventDate "2017.??.??"]
[EventType "swiss"]
[EventCountry "GBR"]
[SourceTitle "playchess.com"]
[Source "ChessBase"]
[SourceQuality "1"]

{[%evp 20,100,15,17,34,23,26,20,20,0,0,0,0,1,4,0,0,6,0,-3,-3,-6,2,-28,0,-64,-19,-37,-33,-91,-83,-65,-73,-101,-110,-293,-291,-299,-168,-172,-162,-231,-166,-232,-214,-226,-211,-219,-218,-179,-189,-211,-208,-249,-261,-252,-258,-255,-250,-349,-353,-381,-382,-812,-807,-781,-776,-735,-716,-1652,-1733,-1725,-1274,-1608,-1488,-1885,-1734,-1664,-1295,-1991,-1700,-5454,-5138]} 1. d4 Nf6 2. Nf3 e6 3. c4 d5 4. Nc3 Be7 5. Bf4 O-O 6. e3 c5 7. dxc5 Bxc5 8. cxd5 Nxd5 9. Nxd5 exd5 10. Bd3 Bb4+ {D37: Queen's Gambit Declined: 5 Bf4} 11. Nd2 {LiveBook: 24 Games} d4 {Threatens to win with ...dxe3.} (11... Nc6 12. O-O Be7 13. Rc1 Bf6 14. Nf3 Qe7 15. h3 g6 16. Bb5 Bd7 17. Qxd5 Be6 18. Qe4 Bxb2 19. Bxc6 {½-½ (94) Carlsen,M (2822)-Nakamura,H (2792) Saint Louis 2017}) 12. e4 (12. Qh5 Bxd2+ 13. Kxd2 g6 $15) 12... Na6 $146 {[%cal Bb8a6,Ba6c5,Bc5e6,Be6g5,Bg5f3][%mdl 32] White has an edge.} ({Predecessor:} 12... Nc6 13. O-O f5 14. a3 Bxd2 15. Qxd2 Qf6 16. Rfe1 h6 17. exf5 Bxf5 18. Bg3 {½-½ (61) Le Roux,J (2480)-Tregubov,P (2635) Belfort 2003}) 13. O-O Nc5 14. Nf3 Bg4 15. a3 Ba5 16. b4 Ne6 17. Bg3 Bc7 18. e5 Ng5 19. h4 Nxf3+ 20. gxf3 Be6 21. Re1 Qd7 22. f4 (22. Be4 $11) 22... Bb6 23. Qh5 {[%csl Gd3][%cal Rh5h7]} g6 24. Qh6 (24. Qg5 $1 $15) 24... Bf5 $1 $17 {[%cal Rf5d3]} 25. Bxf5 Qxf5 26. h5 Qh3 27. f5 $2 (27. Rad1 $17 {was worth a try.}) 27... d3 $19 {[%cal Bd4d3,Bd3d2][%mdl 32]} (27... Qxf5 28. e6 $17) (27... Qxh5 28. Qxh5 gxh5 29. Kg2 $11) 28. Qg5 h6 (28... Qxf5 29. Qxf5 gxf5 30. Rad1 $17) (28... Qxh5 29. Qxh5 gxh5 30. Rad1 $11) (28... d2 $142 29. Red1 Rad8) 29. Qh4 Qxf5 {...d2 is the strong threat.} 30. Kg2 (30. Qf4 $142) 30... Rad8 {And now ...d2 would win.} 31. Re4 (31. Rad1 $142) 31... d2 ({But not} 31... Qxh5 32. Qxh5 gxh5 33. Rd1 $17) (31... gxh5 32. Rf4 $17) 32. Rd1 g5 ({Don't take} 32... Qxh5 33. Qxh5 gxh5 34. Bf4 $17) ({Don't do} 32... gxh5 33. Rf4 $17) 33. Qg4 Qxg4 $1 34. Rxg4 Rfe8 $36 {[%mdl 2048] Hoping for ...f5. Keeping White busy.} 35. Kf1 Bc7 $1 36. e6 {[#]} Bxg3 $1 37. exf7+ Kxf7 38. Rxg3 {[%mdl 4096] Endgame KRR-KRR} Re5 39. Rc3 g4 40. Rc7+ {[#]} Kf6 $1 41. Rxb7 $2 (41. Rc2 Rxh5 42. Rdxd2 Rxd2 43. Rxd2) 41... Rxh5 {Black is clearly winning.} 42. Kg2 Re5 43. Kf1 h5 {[%cal Bh6h5,Bh5h4,Bh4h3][%mdl 32]} 44. b5 Re7 45. Rxe7 Kxe7 {KR-KR} 46. a4 Rd5 47. Ke2 h4 48. a5 Kd7 49. b6 axb6 50. axb6 h3 {Precision: White = 34%, Black = 76%.} 0-1